Quan trường học bạn là người lãnh đạo

Guardat en:
Dades bibliogràfiques
Autor principal: Đỗ, Kim Lượng
Format: Llibre
Idioma:Undetermined
Publicat: Cà Mau Mũi Cà Mau 2004
Matèries:
Etiquetes: Afegir etiqueta
Sense etiquetes, Sigues el primer a etiquetar aquest registre!
Thư viện lưu trữ: Trung tâm Học liệu Trường Đại học Cần Thơ
LEADER 00674nam a2200193Ia 4500
001 CTU_64456
008 210402s9999 xx 000 0 und d
020 |c 50000 
082 |a 658.4092 
082 |b L561 
100 |a Đỗ, Kim Lượng 
245 0 |a Quan trường học bạn là người lãnh đạo 
245 0 |c Đỗ Kim Lượng, Hầu Thư Sâm chủ biên; Phạm Văn Thắm, Lưu Thị Thìn dịch; Trần Khang hiệu đính 
260 |a Cà Mau 
260 |b Mũi Cà Mau 
260 |c 2004 
650 |a Leadership,Management 
904 |i Nguyênsửa 
980 |a Trung tâm Học liệu Trường Đại học Cần Thơ